| 000 | 00626nam a22001937a 4500 | ||
|---|---|---|---|
| 999 |
_c181493 _d181493 |
||
| 005 | 20210916111517.0 | ||
| 010 | _aUR-11237 | ||
| 020 |
_c400.00 _a9789390789009 |
||
| 035 | _aU-9792 | ||
| 037 | _bDBAD/PUB | ||
| 082 | _a844 | ||
| 100 | _aممتا ز ا حمد خا ن | ||
| 245 |
_aقند يليں _cممتا ز ا حمد خا ن |
||
| 246 |
_aQindeelein (Urdu) _bby Mumtaz Ahmed Khan |
||
| 260 |
_aN.Delhi _c2021 ء _bEducational Publishing House |
||
| 270 |
_a3191, Vakil Street, Kucha Pandit Lal Kuan, _b Delhi _e110006 _l - |
||
| 300 |
_a248 ص _c22 Cm(Hb) |
||
| 942 |
_2ddc _cUR _h844 _mم م ت |
||